000 00979nam a2200265Ia 4500
003 OSt
005 20221005104300.0
006 a|||||r|||| 00| 0
007 ta
008 221004b |||||||| |||| 00| 0 hin d
020 _a9788177023084 (hbk)
_c500
024 _a2586
037 _b359, 11/01/2013, Eastern Book Linkers
_cTextual
040 _aCRL
_cCRL
_bhin
041 _2hin
_ahin
082 _aT.2'C, 152Q2
100 _aनमिता सिंह, संपा.
245 0 _aब्राह्मण एंव बौद्ध शिक्षा पद्धति
246 _aBrāhmaṇ eanva bauddha shikṣhā paddhati
260 _aदिल्ली
_bप्रतिभा प्रकाशन भारत
_c2012
300 _a227पृ0
_ccm.
650 _aशिक्षण
942 _hT.2'C, 152Q2
_cTEXL
_2cc
999 _c1012258
_d1012258